00453 2200181 4500001002100000005001500021008004100036020001800077035001900095041000700114082000800121090001400129100001400143245002900157260004200186300003000228650001300258INLIS00000000003139220241224133204241224||||||||| | ||| |||| || |  a979-403-297-2 0010-1224031392 aid0 a657 a657 IND k0 aLemhannas00aKewiraan untuk mahasiswa aJakartabGramedia Pustaka Utamac1996 axxii, 276 halaman : 24 cm 0aKewiraan